000 00311nam a2200133Ia 4500
008 231129s1983||||xx |||||||||||||| ||spa||
040 _bspa
082 _a813 G314r
100 _aGelb Barbara
245 0 _aRojos
260 _c1983
264 _aBogotá Colombia : Cí­rculo de Lectores
942 _2ddc
_cBKS
999 _c24157
_d24157